000 00416nam a2200157Ia 4500
005 20250624021310.0
008 240331s9999 xx 000 0 und d
020 _a95591610509
082 _bWIC
_a331
100 _aWickramarathne,D
245 0 _aRidunu payata thana palasak
260 _aNugegoda
_bSri Lanka Environmental Journalist Forum
_c1995
300 _a158 p .,
650 _aSocial development
942 _cL
999 _c5271
_d5271